000 00271nam a2200121Ia 4500
008 191201s2019 xx 000 0 und d
100 _aHERSENT, Olivier
245 0 _aInternet of Things
250 _aRep
260 _bWiley
_aNew Delhi
300 _a344
942 _2ddc
_cBK
999 _c8166
_d8166